| 000 | 00481nam a22001817a 4500 | ||
|---|---|---|---|
| 005 | 20240508112111.0 | ||
| 008 | 240508b |||||||| |||| 00| 0 eng d | ||
| 020 | _a81-7635-516-x | ||
| 082 |
_a005.133 _bBRU-D |
||
| 100 | _aBruce;Betsy | ||
| 245 |
_aDreamweaver 4/ _cBetsy Bruce |
||
| 250 | _a1st ed. | ||
| 260 |
_aIndia; _bTechmedia; _c2001 |
||
| 300 |
_axvi, 450 p.: _bill; _c23 cm. |
||
| 500 | _aInclude indx. | ||
| 650 | _aComputer Science/Computer Programming | ||
| 999 |
_c35720 _d35720 |
||